Od hledání odpovědí k hledání inspirace
Etnografické a antropologické metódy výskumu trhu pre potreby marketingu. Rastúca potreba odkryť skutočné motivátory a bariéry nákupného a spotrebiteľského chovania. Etnografia postavená na štruktúrovanom pozorovaní cieľovej skupiny v jej prirodzenom prostredí. Využitie etnografie a antropológie v...
Salvato in:
| Autore principale: | |
|---|---|
| Altri autori: | , |
| Natura: | Capitolo di libro |
| Lingua: | ceco |
| Soggetti: | |
| Tags: |
Nessun Tag, puoi essere il primo ad aggiungerne!!
|
MARC
| LEADER | 00000naa$a2200000$$$4500 | ||
|---|---|---|---|
| 001 | 0066238 | ||
| 005 | 20231018130709.0 | ||
| 041 | 0 | |a cze | |
| 044 | |a CZ | ||
| 245 | 1 | 0 | |a Od hledání odpovědí k hledání inspirace |c Jan Herzmann, Radka Dvořáková, Barbora Úlehlová |
| 520 | |a Etnografické a antropologické metódy výskumu trhu pre potreby marketingu. Rastúca potreba odkryť skutočné motivátory a bariéry nákupného a spotrebiteľského chovania. Etnografia postavená na štruktúrovanom pozorovaní cieľovej skupiny v jej prirodzenom prostredí. Využitie etnografie a antropológie v celom procese životného cyklu produktu. Výhrady zástancov tradičných kvantitatívnych metód voči uvedeným metódam výskumu. Podceňovanie etnografie školami. | ||
| 610 | 2 | 0 | |a trh spotrebiteľský |
| 610 | 2 | 0 | |a spotrebitelia |
| 610 | 2 | 0 | |a výskum |
| 610 | 2 | 0 | |a správanie |
| 610 | 2 | 0 | |a nákup |
| 610 | 2 | 0 | |a marketing |
| 610 | 2 | 0 | |a etnografia |
| 610 | 2 | 0 | |a antropológia |
| 100 | 1 | |a Herzmann, Jan | |
| 700 | 1 | |a Dvořáková, Radka | |
| 700 | 1 | |a Úlehlová, Barbora | |